000 00370nam a22001577a 4500
003 OSt
005 20250228155301.0
008 250228b |||||||| |||| 00| 0 eng d
020 _a9789355023186
040 _cIIMT UNIVERSITY MEERUT
100 _aSHALINI SHARMA
245 _aPHARMACEUTICS
260 _aMUZAFFARNAGAR
_bASIAN
_c2024
300 _a201
942 _2ddc
_c09
999 _c65256
_d65256